Normal view MARC view
  • Ibrahim, Kainat

Entry Personal Name

Number of records used in: 1

001 - CONTROL NUMBER

  • control field: 125537

003 - CONTROL NUMBER IDENTIFIER

  • control field: NUST

005 - DATE AND TIME OF LATEST TRANSACTION

  • control field: 20240830103620.0

008 - FIXED-LENGTH DATA ELEMENTS

  • fixed length control field: 240830|| aca||aabn | a|a d

040 ## - CATALOGING SOURCE

  • Original cataloging agency: NUST
  • Transcribing agency: NUST

100 ## - HEADING--PERSONAL NAME

  • Personal name: Ibrahim, Kainat

670 ## - SOURCE DATA FOUND

  • Source citation: Work cat.: (NUST): Ibrahim, Kainat, BYTES AND BULLETS Digital battle field between India and Pakistan/
© 2023 Central Library, National University of Sciences and Technology. All Rights Reserved.